[Event "Heart of Finland op 26th"]
[Site "Jyvaskyla"]
[Date "2016.07.24"]
[Round "9"]
[White "Golovkina, Anastasia"]
[Black "Sihvonen, Tero"]
[Result "1/2-1/2"]
[WhiteElo "1920"]
[BlackElo "2036"]
[PlyCount "81"]
[EventDate "2016.07.18"]
[EventType "swiss"]
[EventRounds "9"]
[EventCountry "FIN"]
[SourceTitle "EXT 2022"]
[Source "ChessBase"]
[SourceDate "2021.10.06"]
[SourceVersion "1"]
[SourceVersionDate "2021.10.06"]
[SourceQuality "1"]

1. e4 c5 2. Nf3 Nf6 3. e5 Nd5 4. Nc3 e6 5. Nxd5 exd5 6. d4 Nc6 7. c3 d6 8. Bb5 a6 9. Bxc6+ bxc6 10. 0-0 Be7 11. Re1 0-0 12. Qa4 Qb6 13. Bf4 dxe5 14. Nxe5 cxd4 15. Nxc6 Bf6 16. Nxd4 Bxd4 17. cxd4 Be6 18. b3 h6 19. Rac1 Rfc8 20. Be3 Qb5 21. Qxb5 axb5 22. Rxc8+ Rxc8 23. Rc1 Ra8 24. Rc2 Bf5 25. Rb2 Kf8 26. Kf1 Ke7 27. Ke2 Kd6 28. Kd2 Kc6 29. Kc3 Kb6 30. Kb4 Rc8 31. Bf4 Rc6 32. Be5 g6 33. a4 bxa4 34. Kxa4 h5 35. Bg7 Rc8 36. Bf6 Rb8 37. b4 Bd3 38. Kb3 Rc8 39. Be7 Rc1 40. Bc5+ Kb5 41. Rd2 1/2-1/2

[Event "Heart of Finland op 26th"]
[Site "Jyvaskyla"]
[Date "2016.07.22"]
[Round "7"]
[White "Sassi, Pekka"]
[Black "Sihvonen, Tero"]
[Result "1-0"]
[WhiteElo "1959"]
[BlackElo "2036"]
[PlyCount "115"]
[EventDate "2016.07.18"]
[EventType "swiss"]
[EventRounds "9"]
[EventCountry "FIN"]
[SourceTitle "EXT 2022"]
[Source "ChessBase"]
[SourceDate "2021.10.06"]
[SourceVersion "1"]
[SourceVersionDate "2021.10.06"]
[SourceQuality "1"]

1. c4 d6 2. g3 e5 3. Nc3 f5 4. Nf3 Nf6 5. d4 Nc6 6. dxe5 dxe5 7. Qxd8+ Kxd8 8. Bg5 Bb4 9. 0-0-0+ Bd7 10. Nd5 Be7 11. Nxe7 Kxe7 12. Bh3 Be6 13. b3 h6 14. Bxf6+ Kxf6 15. e4 g6 16. Nh4 Rhd8 17. exf5 Rxd1+ 18. Rxd1 gxf5 19. Bg2 Nd8 20. Kc2 c6 21. Kc3 Nf7 22. Nf3 Rc8 23. Ng1 b6 24. b4 b5 25. c5 Rd8 26. Rxd8 Nxd8 27. a3 Bd7 28. Ne2 Ne6 29. f4 e4 30. Nd4 Nd8 31. Bf1 Nb7 32. Bxb5 cxb5 33. c6 Nd6 34. cxd7 Ke7 35. Nc6+ Kxd7 36. Ne5+ Ke6 37. Kd4 a6 38. Nc6 Nc4 39. a4 Kd6 40. axb5 axb5 41. Na7 Na3 42. Nc8+ Kd7 43. Nb6+ Kc6 44. Nc8 Kd7 45. Nb6+ Ke6 46. Na8 h5 47. Nc7+ Kf6 48. Nd5+ Ke6 49. Ne3 Nc4 50. Nd5 Na3 51. Ne3 Nc4 52. Nxc4 bxc4 53. Kxc4 Kd6 54. Kd4 Kc6 55. h3 Kb5 56. g4 e3 57. Kxe3 Kxb4 58. gxh5 1-0

[Event "FIN-chT1A 1415"]
[Site "Finland"]
[Date "2015.02.07"]
[Round "6.8"]
[White "Tuominen, Kari"]
[Black "Sihvonen, Tero"]
[Result "0-1"]
[WhiteElo "1748"]
[BlackElo "2033"]
[PlyCount "58"]
[EventDate "2014.09.27"]
[EventType "team-tourn"]
[EventRounds "7"]
[EventCountry "FIN"]
[SourceTitle "EXT 2017"]
[Source "ChessBase"]
[SourceDate "2016.10.25"]
[SourceVersion "1"]
[SourceVersionDate "2016.10.25"]
[SourceQuality "1"]
[WhiteTeam "Turku TuTS II"]
[BlackTeam "Helsinki KS 58"]
[WhiteTeamCountry "FIN"]
[BlackTeamCountry "FIN"]

1. c4 e5 2. Nc3 Bb4 3. e4 c6 4. Qc2 Ne7 5. Nf3 d6 6. Be2 0-0 7. d3 f5 8. Bg5 h6 9. Bd2 a5 10. d4 Ng6 11. dxe5 dxe5 12. 0-0-0 Qe7 13. g3 Na6 14. Nh4 Nxh4 15. gxh4 f4 16. f3 Be6 17. a3 Bc5 18. Na4 Bd4 19. Bxa5 b5 20. Rxd4 exd4 21. Nb6 Rad8 22. Bd3 Nc5 23. Rd1 Kh8 24. Kb1 Nxd3 25. Rxd3 Qa7 26. Qd2 bxc4 27. Nxc4 Bxc4 28. Bxd8 Bxd3+ 29. Qxd3 Rxd8 0-1

[Event "FIN-chT1 East 1314"]
[Site "Finland"]
[Date "2013.11.03"]
[Round "4.5"]
[White "Turner, Neal"]
[Black "Sihvonen, Tero"]
[Result "1/2-1/2"]
[WhiteElo "2014"]
[BlackElo "2040"]
[PlyCount "98"]
[EventDate "2013.09.21"]
[EventType "team-tourn"]
[EventRounds "9"]
[EventCountry "FIN"]
[SourceTitle "EXT 2022"]
[Source "ChessBase"]
[SourceDate "2021.10.06"]
[SourceVersion "1"]
[SourceVersionDate "2021.10.06"]
[SourceQuality "1"]
[WhiteTeam "Helsinki SSK"]
[BlackTeam "Helsinki KS 58"]
[WhiteTeamCountry "FIN"]
[BlackTeamCountry "FIN"]

1. Nf3 d5 2. c4 dxc4 3. Na3 a6 4. Nxc4 b5 5. Ne3 e6 6. g3 Bb7 7. Bg2 c5 8. 0-0 Nf6 9. d3 Be7 10. a4 0-0 11. axb5 axb5 12. Rxa8 Bxa8 13. Qb3 Qb6 14. Bd2 Nc6 15. Ra1 Rb8 16. Nc2 Ng4 17. Ne3 h5 18. h3 Nf6 19. Nc2 Bd6 20. Kf1 Bb7 21. Na3 Bc8 22. Rc1 Nd5 23. Ng5 Nd4 24. Qd1 g6 25. e3 Nc6 26. g4 h4 27. Ne4 Be7 28. Nc3 Nxc3 29. Bxc3 Ba6 30. Be1 Rd8 31. Kg1 c4 32. d4 Nb4 33. Bxb4 Bxb4 34. Nc2 Be7 35. Ra1 b4 36. Qf3 b3 37. Ne1 Bb4 38. Qc6 Qxc6 39. Bxc6 Bxe1 40. Rxa6 c3 41. bxc3 Bxc3 42. Rb6 b2 43. Be4 f5 44. gxf5 gxf5 45. Bc2 Rc8 46. Bd3 Kf7 47. Kf1 f4 48. exf4 Bxd4 49. Rb4 Rd8 1/2-1/2

[Event "FIN-chT1 East 1314"]
[Site "Finland"]
[Date "2013.10.12"]
[Round "2"]
[White "Raki, Jyrki"]
[Black "Sihvonen, Tero"]
[Result "0-1"]
[WhiteElo "2013"]
[BlackElo "2040"]
[PlyCount "140"]
[EventDate "2013.09.21"]
[EventType "team-tourn"]
[EventRounds "9"]
[EventCountry "FIN"]
[SourceTitle "EXT 2015"]
[Source "ChessBase"]
[SourceDate "2014.11.20"]
[SourceVersion "1"]
[SourceVersionDate "2014.11.20"]
[SourceQuality "1"]
[WhiteTeam "Kotka KymS"]
[BlackTeam "Helsinki KS 58"]
[WhiteTeamCountry "FIN"]
[BlackTeamCountry "FIN"]

1. d4 Nf6 2. c4 g6 3. Nc3 d5 4. cxd5 Nxd5 5. e4 Nxc3 6. bxc3 Bg7 7. Bc4 c5 8. Ne2 cxd4 9. cxd4 Nc6 10. Be3 0-0 11. 0-0 Na5 12. Rc1 b6 13. Bd5 Bb7 14. Bxb7 Nxb7 15. Qa4 a6 16. d5 b5 17. Qa3 Re8 18. Rc6 Nd6 19. Bb6 Qd7 20. f3 Nc4 21. Qc5 Qb7 22. Bc7 Rac8 23. Rc1 Bf8 24. e5 Ra8 25. a4 Qa7 26. axb5 axb5 27. Qxa7 Rxa7 28. Nd4 Ra2 29. Rc2 Rea8 30. d6 Rxc2 31. Nxc2 Nxe5 32. Rc5 exd6 33. Rxb5 Ra2 34. Ne3 Kg7 35. Rd5 Re2 36. Bb6 Kf6 37. Kf1 Ra2 38. f4 Nd7 39. Bd4+ Ke6 40. f5+ gxf5 41. Rxf5 f6 42. Rh5 h6 43. Rb5 Ne5 44. Rb8 Be7 45. Rh8 Nf7 46. Rb8 f5 47. Bg7 Bg5 48. Nc4 Kd5 49. Rf8 Ke6 50. Nb6 Ne5 51. Bxe5 Kxe5 52. Nc4+ Kd5 53. Nxd6 Kxd6 54. Rxf5 Ke6 55. Rb5 Kf6 56. Rb6+ Kf5 57. Rb7 Bf4 58. h3 Be3 59. Rf7+ Kg6 60. Rf3 Bd4 61. Rf4 Ra1+ 62. Ke2 Be5 63. Rf8 h5 64. Rf1 Ra2+ 65. Kf3 h4 66. Rb1 Kf5 67. Rb7 Ra3+ 68. Ke2 Ke4 69. Rh7 Ra2+ 70. Kd1 Kd3 0-1

[Event "FIN-chT1 West 1213"]
[Site "Finland"]
[Date "2012.11.18"]
[Round "4.4"]
[White "Sihvonen, Tero"]
[Black "Tiinanen, Teemu"]
[Result "1-0"]
[WhiteElo "2040"]
[BlackElo "2005"]
[PlyCount "81"]
[EventDate "2012.09.29"]
[EventType "team-tourn"]
[EventRounds "7"]
[EventCountry "FIN"]
[SourceTitle "EXT 2019"]
[Source "ChessBase"]
[SourceDate "2018.10.10"]
[SourceVersion "1"]
[SourceVersionDate "2018.10.10"]
[SourceQuality "1"]
[WhiteTeam "Helsinki KS 58"]
[BlackTeam "Helsinki HSK II"]
[WhiteTeamCountry "FIN"]
[BlackTeamCountry "FIN"]

1. e4 c5 2. Nf3 Nc6 3. Bb5 e6 4. 0-0 Nge7 5. c3 a6 6. Ba4 b5 7. Bc2 d5 8. exd5 Nxd5 9. d4 Bb7 10. Be3 Be7 11. Nbd2 0-0 12. Ne4 cxd4 13. cxd4 Rc8 14. Rc1 Ncb4 15. Bb1 Nxe3 16. fxe3 Rxc1 17. Qxc1 Bxe4 18. Bxe4 Nxa2 19. Qb1 Nb4 20. Bxh7+ Kh8 21. Ne5 f5 22. Bg6 Kg8 23. Qd1 Bg5 24. Qh5 Bxe3+ 25. Kh1 Rf6 26. Qh7+ Kf8 27. Qh8+ Ke7 28. Qxg7+ Kd6 29. Nf7+ Rxf7 30. Bxf7 Nd3 31. h3 f4 32. Qg6 Nf2+ 33. Kh2 Qe7 34. Ra1 Kd5 35. Rxa6 Kxd4 36. Rxe6 Qc7 37. Rd6+ Kc5 38. Rd5+ Kb4 39. Qa6 Qa5 40. Qd6+ Ka4 41. Qa3# 1-0

[Event "FIN-chT1B 1112"]
[Site "Finland"]
[Date "2012.03.10"]
[Round "7.7"]
[White "Puuska, Heini"]
[Black "Sihvonen, Tero"]
[Result "1/2-1/2"]
[WhiteElo "1988"]
[BlackElo "2036"]
[PlyCount "74"]
[EventDate "2011.09.17"]
[EventType "team-tourn"]
[EventRounds "7"]
[EventCountry "FIN"]
[SourceTitle "EXT 2019"]
[Source "ChessBase"]
[SourceDate "2018.10.10"]
[SourceVersion "1"]
[SourceVersionDate "2018.10.10"]
[SourceQuality "1"]
[WhiteTeam "Helsinki HSK II"]
[BlackTeam "Helsinki KS 58"]
[WhiteTeamCountry "FIN"]
[BlackTeamCountry "FIN"]

1. d4 d5 2. Bg5 c6 3. Nf3 Nd7 4. e3 Ngf6 5. Nbd2 Qb6 6. Qc1 Ne4 7. Nxe4 dxe4 8. Nd2 Qa5 9. Bf4 g5 10. b4 Qf5 11. Bc7 Bg7 12. Be2 Nf6 13. Be5 0-0 14. 0-0 Qg6 15. c4 Ne8 16. Bxg7 Nxg7 17. f3 exf3 18. Nxf3 f6 19. Qc3 Bg4 20. Bd3 Qh5 21. e4 Ne6 22. d5 Nf4 23. Ne1 Rac8 24. Qd2 Rcd8 25. g3 Ng6 26. Qe3 Ne5 27. Rf2 b6 28. Bf1 Bh3 29. Bxh3 Qxh3 30. Rc2 e6 31. Nf3 cxd5 32. Nxe5 d4 33. Qd2 fxe5 34. Qxg5+ Kh8 35. Qxe5+ Kg8 36. Qg5+ Kh8 37. Qe5+ Kg8 1/2-1/2

[Event "FIN-chT1B 1112"]
[Site "Finland"]
[Date "2011.11.20"]
[Round "4.7"]
[White "Sihvonen, Tero"]
[Black "Hartio, Ilkka"]
[Result "1-0"]
[WhiteElo "2036"]
[BlackElo "2058"]
[PlyCount "91"]
[EventDate "2011.09.17"]
[EventType "team-tourn"]
[EventRounds "7"]
[EventCountry "FIN"]
[SourceTitle "EXT 2019"]
[Source "ChessBase"]
[SourceDate "2018.10.10"]
[SourceVersion "1"]
[SourceVersionDate "2018.10.10"]
[SourceQuality "1"]
[WhiteTeam "Helsinki KS 58"]
[BlackTeam "Jyvaskyla JyS"]
[WhiteTeamCountry "FIN"]
[BlackTeamCountry "FIN"]

1. e4 d5 2. exd5 Nf6 3. Bb5+ Bd7 4. Bc4 Bg4 5. f3 Bc8 6. Nc3 Nbd7 7. d4 Nb6 8. Bb3 Nbxd5 9. Nge2 Nxc3 10. Nxc3 g6 11. Bf4 c6 12. Qd2 h6 13. 0-0-0 Bg7 14. g4 Nd5 15. Nxd5 cxd5 16. h4 e6 17. c4 dxc4 18. Bxc4 Bd7 19. Kb1 Rc8 20. Bb3 Bc6 21. d5 Bxd5 22. Bxd5 Qxd5 23. Qxd5 exd5 24. Rhe1+ Kf8 25. Rxd5 Bf6 26. g5 hxg5 27. hxg5 Bd8 28. Rd7 Rh3 29. Bd6+ Kg8 30. f4 Ba5 31. b4 Bb6 32. Rde7 Bd4 33. Re8+ Rxe8 34. Rxe8+ Kg7 35. Re4 Rh1+ 36. Kc2 Ba1 37. a4 b6 38. b5 f6 39. Re7+ Kg8 40. gxf6 Bxf6 41. Rxa7 Rh3 42. a5 Bd4 43. Be5 Rc3+ 44. Kd2 Bxe5 45. fxe5 Rc5 46. axb6 1-0

[Event "Heart of Finland op 21st"]
[Site "Jyvaskyla"]
[Date "2011.07.11"]
[Round "1"]
[White "Sihvonen, Tero"]
[Black "Seppala, Aki"]
[Result "1/2-1/2"]
[WhiteElo "2035"]
[BlackElo "1968"]
[PlyCount "79"]
[EventDate "2011.07.11"]
[EventType "swiss"]
[EventRounds "9"]
[EventCountry "FIN"]
[SourceTitle "EXT 2022"]
[Source "ChessBase"]
[SourceDate "2021.10.06"]
[SourceVersion "1"]
[SourceVersionDate "2021.10.06"]
[SourceQuality "1"]

1. e4 e5 2. Nf3 Nc6 3. Bb5 a6 4. Ba4 Nf6 5. d4 exd4 6. 0-0 Be7 7. Re1 0-0 8. e5 Nd5 9. c3 Nb6 10. Bc2 dxc3 11. Nxc3 d6 12. Bf4 dxe5 13. Nxe5 Qxd1 14. Raxd1 Bd6 15. Nxc6 Bxf4 16. Ne7+ Kh8 17. g3 Bd6 18. Nxc8 Raxc8 19. Bb3 f5 20. f4 Rce8 21. a4 Rxe1+ 22. Rxe1 Bb4 23. Re5 g6 24. Kf2 Nd7 25. Re2 Nf6 26. Nd5 Nxd5 27. Bxd5 c6 28. Be6 Rd8 29. h3 Kg7 30. g4 fxg4 31. hxg4 Rd4 32. Kf3 Bd6 33. Re4 Rd2 34. b3 a5 35. g5 b5 36. Kg4 h5+ 37. gxh6+ Kxh6 38. Bd7 bxa4 39. bxa4 c5 40. Be8 1/2-1/2

[Event "FIN Team Cup"]
[Site "Finland"]
[Date "2011.03.26"]
[Round "1.3"]
[White "Prieur, Eetu"]
[Black "Sihvonen, Tero"]
[Result "1-0"]
[WhiteElo "2176"]
[BlackElo "2048"]
[PlyCount "65"]
[EventDate "2011.03.26"]
[EventType "team-k.o."]
[EventRounds "5"]
[EventCountry "FIN"]
[SourceTitle "EXT 2022"]
[Source "ChessBase"]
[SourceDate "2021.10.06"]
[SourceVersion "1"]
[SourceVersionDate "2021.10.06"]
[SourceQuality "1"]
[WhiteTeam "Aatos"]
[BlackTeam "Helsinki KS 58"]
[WhiteTeamCountry "FIN"]
[BlackTeamCountry "FIN"]

1. e4 c5 2. Nc3 g6 3. f4 Bg7 4. Nf3 d6 5. Bc4 Nf6 6. d3 Nc6 7. 0-0 0-0 8. Qe1 e6 9. f5 d5 10. Bb3 Nd4 11. e5 gxf5 12. exf6 Qxf6 13. Bf4 Rd8 14. Qg3 Qg6 15. Rae1 Bd7 16. Ne2 Qxg3 17. Nxg3 b5 18. c3 Nxf3+ 19. gxf3 Rdc8 20. Bc2 b4 21. Nh5 bxc3 22. Nxg7 Kxg7 23. bxc3 f6 24. Kf2 Kf7 25. Rg1 e5 26. Bh6 Rab8 27. Rg7+ Ke6 28. Bc1 h5 29. Ba3 Rb6 30. d4 e4 31. Bb3 a5 32. Bxc5 Rxc5 33. dxc5 1-0

[Event "FIN-chT1B 1011"]
[Site "Finland"]
[Date "2011.03.12"]
[Round "9.4"]
[White "Hakanen, Tuomo"]
[Black "Sihvonen, Tero"]
[Result "1-0"]
[WhiteElo "1989"]
[BlackElo "2049"]
[PlyCount "84"]
[EventDate "2010.09.18"]
[EventType "team-tourn"]
[EventRounds "9"]
[EventCountry "FIN"]
[SourceTitle "EXT 2022"]
[Source "ChessBase"]
[SourceDate "2021.10.06"]
[SourceVersion "1"]
[SourceVersionDate "2021.10.06"]
[SourceQuality "1"]
[WhiteTeam "Pori PSY"]
[BlackTeam "Helsinki KS 58"]
[WhiteTeamCountry "FIN"]
[BlackTeamCountry "FIN"]

1. e3 g6 2. f4 c5 3. b3 Bg7 4. Nc3 d5 5. Bb2 Nc6 6. Bb5 Nf6 7. Nf3 0-0 8. Bxc6 bxc6 9. 0-0 d4 10. Na4 Nd5 11. Ne5 dxe3 12. Qf3 Nb4 13. dxe3 f6 14. Nxc6 Nxc6 15. Qxc6 Bg4 16. h3 Rc8 17. Qb5 Bf5 18. Rad1 Qc7 19. e4 Be6 20. f5 Bf7 21. Rd7 Qg3 22. Qd3 Qb8 23. fxg6 hxg6 24. Rxe7 Rcd8 25. Qe3 c4 26. Qxa7 Qxa7+ 27. Rxa7 Rd2 28. Rf2 Rfd8 29. Bc3 Rd1+ 30. Rf1 Bh6 31. Rxd1 Rxd1+ 32. Kf2 Bg7 33. b4 Be8 34. Nb6 Rc1 35. Nd5 Rxc2+ 36. Kf3 Bc6 37. Bxf6 Bxf6 38. Nxf6+ Kf8 39. Rc7 Ba4 40. e5 Rxa2 41. e6 Bd1+ 42. Kg3 Re2 1-0

[Event "FIN-chT1B 1011"]
[Site "Finland"]
[Date "2011.02.13"]
[Round "8.7"]
[White "Sihvonen, Tero"]
[Black "Morant, Paul"]
[Result "1/2-1/2"]
[WhiteElo "2049"]
[BlackElo "2211"]
[PlyCount "39"]
[EventDate "2010.09.18"]
[EventType "team-tourn"]
[EventRounds "9"]
[EventCountry "FIN"]
[SourceTitle "EXT 2022"]
[Source "ChessBase"]
[SourceDate "2021.10.06"]
[SourceVersion "1"]
[SourceVersionDate "2021.10.06"]
[SourceQuality "1"]
[WhiteTeam "Helsinki KS 58"]
[BlackTeam "Turku TS"]
[WhiteTeamCountry "FIN"]
[BlackTeamCountry "FIN"]

1. e4 c5 2. Nf3 d6 3. Bb5+ Bd7 4. Bxd7+ Qxd7 5. 0-0 g6 6. Re1 Bg7 7. c3 Nc6 8. d4 cxd4 9. cxd4 Rc8 10. Nc3 Nf6 11. Be3 0-0 12. Rc1 a6 13. Qd2 Rfd8 14. Bg5 Qe8 15. Nd5 Qf8 16. Bxf6 Bxf6 17. Nxf6+ exf6 18. a3 d5 19. e5 fxe5 20. Nxe5 1/2-1/2

[Event "FIN-chT1B 1011"]
[Site "Finland"]
[Date "2010.09.18"]
[Round "1.6"]
[White "Kopsa, Petri"]
[Black "Sihvonen, Tero"]
[Result "0-1"]
[WhiteElo "2078"]
[BlackElo "2049"]
[PlyCount "143"]
[EventDate "2010.09.18"]
[EventType "team-tourn"]
[EventRounds "9"]
[EventCountry "FIN"]
[SourceTitle "EXT 2022"]
[Source "ChessBase"]
[SourceDate "2021.10.06"]
[SourceVersion "1"]
[SourceVersionDate "2021.10.06"]
[SourceQuality "1"]
[WhiteTeam "Helsinki HSK II"]
[BlackTeam "Helsinki KS 58"]
[WhiteTeamCountry "FIN"]
[BlackTeamCountry "FIN"]

1. d4 d5 2. c4 Bf5 3. Nc3 e6 4. Nf3 Nc6 5. Bf4 Nf6 6. e3 a6 7. h3 h6 8. g4 Bh7 9. c5 Ne4 10. Rc1 Be7 11. Nxe4 dxe4 12. Nd2 0-0 13. a3 Bh4 14. b4 Qf6 15. Bg2 e5 16. dxe5 Nxe5 17. 0-0 Nd3 18. Bxc7 Nxc1 19. Qxc1 Rfe8 20. Nc4 Qc6 21. Bd6 Re6 22. Rd1 Rae8 23. Bf1 Kh8 24. Nb6 Bd8 25. Bc4 Bxb6 26. Bxe6 Rxe6 27. cxb6 Qxc1 28. Rxc1 Rxd6 29. Rc7 Rxb6 30. Rxf7 Bg6 31. Re7 Kg8 32. h4 Kf8 33. Rc7 h5 34. g5 Rb5 35. Kg2 Bf5 36. Kg3 a5 37. bxa5 Rxa5 38. Rxb7 Rxa3 39. Kf4 Bg6 40. Rb6 Kf7 41. Rb7+ Kg8 42. Rb8+ Kh7 43. Ke5 Ra1 44. Rf8 Ra7 45. Ke6 Ra5 46. Rb8 Rf5 47. Rb2 Rf3 48. Ke7 Rh3 49. Kf8 Rf3+ 50. Ke7 Rf7+ 51. Ke6 Rf8 52. Ke5 Kg8 53. Rb6 Rf5+ 54. Kd4 Kh7 55. Rb2 Rf3 56. Ke5 Rh3 57. Rb4 Rxh4 58. f4 Rg4 59. Ke6 h4 60. Rb2 Rg3 61. Rh2 h3 62. f5 Rxe3 63. Ke5 Be8 64. Kf4 Ra3 65. Re2 e3 66. Rh2 e2 67. Rxe2 Bc6 68. Rd2 Bg2 69. Rd8 Ra4+ 70. Ke5 Re4+ 71. Kd6 Rd4+ 72. Ke7 0-1

[Event "FIN-chT1A 0910"]
[Site "Finland"]
[Date "2009.09.19"]
[Round "1.5"]
[White "Puroila, Sippo"]
[Black "Sihvonen, Tero"]
[Result "0-1"]
[WhiteElo "1960"]
[BlackElo "2040"]
[PlyCount "44"]
[EventDate "2009.09.19"]
[EventType "team-tourn"]
[EventRounds "7"]
[EventCountry "FIN"]
[SourceTitle "EXT 2022"]
[Source "ChessBase"]
[SourceDate "2021.10.06"]
[SourceVersion "1"]
[SourceVersionDate "2021.10.06"]
[SourceQuality "1"]
[WhiteTeam "Espoo SK"]
[BlackTeam "Helsinki KS 58"]
[WhiteTeamCountry "FIN"]
[BlackTeamCountry "FIN"]

1. c4 e5 2. Nc3 Bb4 3. g3 c6 4. Bg2 Ne7 5. e4 0-0 6. Nge2 f5 7. d3 a6 8. 0-0 d6 9. Be3 Nd7 10. Qc2 Nf6 11. h3 Ba5 12. Rad1 Qe8 13. f4 Qh5 14. exf5 Nxf5 15. Bf2 Nd4 16. Nxd4 exd4 17. g4 Bxg4 18. hxg4 Nxg4 19. Bg3 dxc3 20. Rf3 Rae8 21. Re1 Rxe1+ 22. Bxe1 Bb6+ 0-1

[Event "FIN-chT1A 0809"]
[Site "Finland"]
[Date "2008.10.??"]
[Round "3.4"]
[White "Sihvonen, Tero"]
[Black "Toivonen, Aulis"]
[Result "1/2-1/2"]
[WhiteElo "2039"]
[BlackElo "2074"]
[PlyCount "121"]
[EventDate "2008.10.??"]
[EventType "team-tourn"]
[EventRounds "5"]
[EventCountry "FIN"]
[SourceTitle "EXT 2022"]
[Source "ChessBase"]
[SourceDate "2021.10.06"]
[SourceVersion "1"]
[SourceVersionDate "2021.10.06"]
[SourceQuality "1"]
[WhiteTeam "Helsinki KS 58"]
[BlackTeam "Helsinki KapSK"]
[WhiteTeamCountry "FIN"]
[BlackTeamCountry "FIN"]

1. e4 e6 2. d4 d5 3. Bd3 c5 4. c3 Nc6 5. Nf3 cxd4 6. exd5 Qxd5 7. cxd4 Nf6 8. Nc3 Qd8 9. 0-0 Be7 10. a3 0-0 11. h3 a6 12. Be3 b5 13. Rc1 Bb7 14. b4 Rc8 15. Bb1 Nb8 16. Qd3 g6 17. Nd2 Nbd7 18. Nce4 Nxe4 19. Nxe4 Nf6 20. Nc5 Bd5 21. Rfd1 Bc4 22. Qd2 Ra8 23. Bg5 Nd5 24. Be3 a5 25. Bd3 Bxd3 26. Qxd3 axb4 27. axb4 Nxb4 28. Qxb5 Nd5 29. Qe2 Bf6 30. Bh6 Re8 31. Ne4 Bg7 32. Bxg7 Kxg7 33. Rd2 Ra7 34. Rb2 Qe7 35. Kh2 Rea8 36. Rcb1 Qc7+ 37. g3 h6 38. Qd2 Rc8 39. Nc5 Qa5 40. Qe2 Qd8 41. Rc1 Rca8 42. h4 Qf6 43. Qe5 Ra2 44. Rcc2 Rxb2 45. Rxb2 Rc8 46. f4 Qxe5 47. fxe5 Rc7 48. Rc2 Ra7 49. Rb2 Ne3 50. Re2 Ng4+ 51. Kg2 h5 52. Rd2 Ra5 53. Ne4 Rd5 54. Kf3 Ra5 55. Rd3 Ra2 56. Kf4 Nf2 57. Nxf2 Rxf2+ 58. Rf3 Rg2 59. Ke4 Ra2 60. Rd3 Ra4 61. Kf4 1/2-1/2

[Event "FIN-chT1A 0708"]
[Site "Finland"]
[Date "2007.09.16"]
[Round "2.6"]
[White "Koivumaki, Marko"]
[Black "Sihvonen, Tero"]
[Result "1-0"]
[WhiteElo "1841"]
[BlackElo "2039"]
[PlyCount "75"]
[EventDate "2007.09.15"]
[EventType "team-tourn"]
[EventRounds "7"]
[EventCountry "FIN"]
[SourceTitle "EXT 2022"]
[Source "ChessBase"]
[SourceDate "2021.10.06"]
[SourceVersion "1"]
[SourceVersionDate "2021.10.06"]
[SourceQuality "1"]
[WhiteTeam "Eura SK"]
[BlackTeam "Helsinki KS 58"]
[WhiteTeamCountry "FIN"]
[BlackTeamCountry "FIN"]

1. c4 e5 2. Nc3 Bb4 3. g3 a5 4. Bg2 Ne7 5. Nf3 d6 6. 0-0 0-0 7. d4 Bxc3 8. bxc3 e4 9. Ng5 f5 10. f3 exf3 11. exf3 h6 12. Nh3 Be6 13. Qd3 Ng6 14. Re1 Qf6 15. f4 c6 16. Rb1 Bc8 17. Nf2 Na6 18. Ba3 Nc7 19. Nd1 Ne8 20. Ne3 Nh8 21. c5 Nf7 22. d5 dxc5 23. Bxc5 Ned6 24. dxc6 bxc6 25. Bxc6 Ba6 26. Qd4 Qxd4 27. cxd4 Rac8 28. Bd5 Kh7 29. Rb6 Bd3 30. Bxd6 Nxd6 31. Rxd6 Rc3 32. Rc6 Ra3 33. Nd1 Rb8 34. Nc3 Rb2 35. Rd1 Be4 36. Nxe4 fxe4 37. Bxe4+ Kg8 38. Bg6 1-0

[Event "FIN-chT1A 0708"]
[Site "Finland"]
[Date "2007.09.??"]
[Round "3.8"]
[White "Sihvonen, Tero"]
[Black "Sinervuo, Veli Pekka"]
[Result "1-0"]
[WhiteElo "2039"]
[BlackElo "2045"]
[PlyCount "83"]
[EventDate "2007.09.15"]
[EventType "team-tourn"]
[EventRounds "7"]
[EventCountry "FIN"]
[SourceTitle "EXT 2022"]
[Source "ChessBase"]
[SourceDate "2021.10.06"]
[SourceVersion "1"]
[SourceVersionDate "2021.10.06"]
[SourceQuality "1"]
[WhiteTeam "Helsinki KS 58"]
[BlackTeam "Espoo MatSK II"]
[WhiteTeamCountry "FIN"]
[BlackTeamCountry "FIN"]

1. e4 c5 2. Nf3 e6 3. d4 cxd4 4. Nxd4 Nf6 5. Nc3 Nc6 6. Be3 Bb4 7. Nxc6 bxc6 8. Bd3 d5 9. exd5 exd5 10. a3 Be7 11. Ne2 0-0 12. 0-0 Ng4 13. Bf4 Bf6 14. c3 Ne5 15. Bc2 g6 16. Nd4 Qb6 17. Re1 Re8 18. b4 Bd7 19. h3 a5 20. Bb3 axb4 21. axb4 Rxa1 22. Qxa1 g5 23. Be3 Qc7 24. Qd1 Qd8 25. Bc2 g4 26. Nf5 h5 27. Bd4 Ng6 28. Rxe8+ Bxe8 29. hxg4 hxg4 30. Qxg4 Bd7 31. Qg3 Bxf5 32. Bxf5 Bxd4 33. cxd4 Kh7 34. Bxg6+ fxg6 35. Qh3+ Kg7 36. Qe6 Qb6 37. Qe7+ Kh6 38. Qc5 Qb7 39. g4 Kg5 40. f3 Qc7 41. Qc1+ Kh4 42. Qh6+ 1-0

[Event "Politiken Cup 29th"]
[Site "Copenhagen"]
[Date "2007.07.27"]
[Round "8"]
[White "Smeele, Frank"]
[Black "Sihvonen, Tero"]
[Result "1-0"]
[WhiteElo "2173"]
[BlackElo "2056"]
[PlyCount "115"]
[EventDate "2007.07.21"]
[EventType "swiss"]
[EventRounds "10"]
[EventCountry "DEN"]
[SourceTitle "CBM 119 Extra"]
[Source "ChessBase"]
[SourceDate "2007.09.04"]
[SourceVersion "1"]
[SourceVersionDate "2007.09.04"]
[SourceQuality "1"]

1. c4 e5 2. Nc3 g6 3. g3 c6 4. Bg2 Bg7 5. e3 d6 6. d4 Ne7 7. Nge2 0-0 8. 0-0 f5 9. dxe5 dxe5 10. Qxd8 Rxd8 11. e4 Na6 12. Bg5 Re8 13. Rad1 Be6 14. b3 h6 15. Bc1 Rad8 16. Ba3 Nc8 17. Nc1 Nb6 18. Rfe1 Kf7 19. Nd3 Bc8 20. c5 Nd7 21. b4 Nc7 22. Nb2 Nb5 23. Nxb5 cxb5 24. Nd3 fxe4 25. Bxe4 Nb8 26. Bb2 Nc6 27. f3 Bf5 28. a3 Bxe4 29. fxe4 Nd4 30. Bxd4 Rxd4 31. Nf2 Red8 32. Rxd4 exd4 33. Nd3 Ke6 34. Kf2 g5 35. Ke2 Rc8 36. Rc1 Kd7 37. Rf1 Ke6 38. Rf5 Ra8 39. h4 Bf6 40. hxg5 hxg5 41. Rd5 Rh8 42. Rd6+ Ke7 43. e5 Rh2+ 44. Kf3 Bh8 45. Rxd4 Ra2 46. Rd6 Rxa3 47. Ke4 a5 48. Rb6 axb4 49. Rxb7+ Ke6 50. Rb6+ Ke7 51. g4 b3 52. Rxb5 Ra4+ 53. Kd5 Rxg4 54. Rxb3 Rh4 55. c6 g4 56. Nf4 Kd8 57. Ne6+ Kc8 58. c7 1-0